Responses for Show #3294 - Thursday, December 24, 1998

Contestants

[<< previous game]

Dave Argentar, an attorney from Chicago, Illinois

Devon Thomas, a librarian from Chelsea, Michigan

John Hurst, a musician from Swarthmore, Pennsylvania (whose 1-day cash winnings total $8,200)

[next game >>]

Jeopardy! Round responses

CRICKETS
PEOPLE & PLACES
DISNEY MOVIES
STORES WITHOUT WALLS
FISHY ANAGRAMS
LET'S GO TO A MUSEUM
    $100 18
the temperature

Devon
    $100 1
limey

John
    $100 4
Fantasia

Dave
    $100 9
Columbia House

Dave
    $100 23
tuna ("a nut")

Devon
    $100 15
The Tooth Fairy

John
    $200 20
a leap

John
    $200 2
Belgium

Devon
    $200 5
Dumbo

John
    $200 10
Florists

Dave
    $200 24
shark (harks)

John
    $200 16
The Prado

Devon
    $300 21
(Devon: What are legs?)
(Dave: What are antennae?)

wings

JohnDevonDave
    $300 3
Navajo

Dave
    $300 6
Mary Poppins

Dave
    $300 11
(John: What is trails?)

Camper

JohnDave
    $300 26
eel (Lee)

John
    $300 17
Texas

Dave
    $400 29
house

John
    $400 12
Ireland

John
    $400 7
Dopey

John
    $400 14
tickets

Dave
    $400 27
swordfish ("fish words")

Devon
    $400 19
Belfast

Dave
    $500 30
autumn

Devon
    $600 13
(John: What is Lima?)

La Paz, Bolivia

John
    $500 8
The Hunchback of Notre Dame

Devon
    $500 25
(Devon: What is America Online?)

Dell

Devon
Triple Stumper
    $500 28
seahorse (seashore)

Dave
    $500 22
Contemporary art

Dave

Scores at the first commercial break (after clue 13):

John Devon Dave
$200 $700 $1,300

Scores at the end of the Jeopardy! Round:

John Devon Dave
$1,700 $1,200 $3,100

Double Jeopardy! Round responses

CRICKET
(Alex: Not pluralized.)
DECEMBER 24
(Alex: How appropriate!)
A CHRISTMAS POTPOURRI
19th CENTURY AMERICA
CAPITAL TOWNS
WORD PLAY
    $200 21
(John: What are innings?)

runs

JohnDave
    $200 16
Jimmy Hoffa

Dave
    $200 30
Washington, D.C.

Dave
    $200 6
the House of Representatives

John
    $200 1
garlic

Dave
    $200 7
rest in peace

Dave
    $400 22
knighthood

Devon
    $400 17
Wernher von Braun

John
    $400 29
Three Wise Men (Magi)

Dave
    $400 8
the Underground Railroad

Devon
    $400 2
fireworks

John
    $400 10
broken dreams (or shattered dreams)

Devon
    $600 23
the bowler

John
    $600 18
Howard Hughes

Dave
    $600 28
the Moon

John
    $600 9
10 cents

John
    $600 3
Indiana

Devon
    $600 11
walking backwards

John
    $800 24
wicket

Devon
    $1,000 19
Afghanistan

Dave
    $800 26
Wales

Devon
    $800 14
cigars

Triple Stumper
    $800 4
fire hydrants

John
    $800 12
kiss & make up

Devon
    $1000 25
the test

John
    $1000 20
U.S. and Great Britain

Devon
    $1,000 27
Jacob Marley

Devon
    $1000 15
farmers

Dave
    $1000 5
(John: What is Colorado?)

Montana

JohnDevon
    $1000 13
"It's A Small World After All"

Dave

Scores at the end of the Double Jeopardy! Round:

John Devon Dave
$5,700 $8,400 $8,100

[wagering suggestions for these scores]

Final Jeopardy! Round responses

CLASSIC MOVIES & TELEVISION
(Alex: Classic Christmas film. I hope you didn't write down The Manchurian Candidate. You'd be wrong!)
...
(Alex: Like some athletes, we get to work on Christmas Day! So long, everyone!)
JohnWhat is It's A Wonderful Life?
$700
DaveWhat is It's A Wonderful Life?
$8,099
DevonWhat is Miracle on 34th Street?
$7,801
It's a Wonderful Life

Final scores:

John Devon Dave
$6,400 $599 $16,199
2nd place: Samsung 28-inch Stereo TV & Direct TV Satellite System 3rd place: Yamaha Clavinova Digital Piano New champion: $16,199

Game dynamics:

Coryat scores:

John Devon Dave
$6,300 $8,400 $7,900
19 R,
4 W
(including 1 DD)
17 R
(including 1 DD),
2 W
21 R
(including 1 DD),
1 W

Combined Coryat: $22,600

[game clues] [game scores] [suggest correction]

Game tape date: 1998-11-03
The J! Archive is created by fans, for fans. Scraping, republication, monetization, and malicious use prohibited; this site may use cookies and collect identifying information. See terms. The Jeopardy! game show and all elements thereof, including but not limited to copyright and trademark thereto, are the property of Jeopardy Productions, Inc. and are protected under law. This website is not affiliated with, sponsored by, or operated by Jeopardy Productions, Inc. Join the discussion at JBoard.tv.